000 00979nam a2200253Ia 4500
003 OSt
005 20220923224632.0
006 a|||||r|||| 00| 0
007 ta
008 220922b |||||||| |||| 00| 0 pan d
024 _a248,498
037 _cTextual
040 _aARTS
_cARTS
_bpan
041 _2pan
_apan
082 _aO31,1:g(P:75), 152L7
100 _aपालीवाल, कृष्णदत्त; पालीवाल, रीतारानी
_9168177
245 0 _aयूनानी और रोमी काव्यशास्त्र
246 _aYūnānī aur romī kāvyashāstra
260 _aदिल्ली
_b सन्मार्ग प्रकाशन
_c1977
300 _a301पृ0
_ccm.
650 _aजर्मन कहानी
942 _hO31,1:g(P:75), 152L7
_cTEXL
_2CC
999 _c372679
_d372679